000 00906nam a2200337 a 4500
003 AR-BaBNM
005 20251128205412.0
008 082120s2002 ||||||||||||||000 | spa||
020 _a84-297-3271-3
040 _cAR-BaBNM
100 1 _aFerrarotti, Franco
245 0 0 _aLa historia y lo cotidiano
250 _a1ª ed.
260 _aBarcelona
_bEdiciones Península
_c1991
300 _a208 p.
490 0 _aHomo sociologicus
_vv. 48
504 _aBibliografía p. 167-205
650 4 _aHISTORIOGRAFIA
650 4 _aSOCIOLOGIA
650 4 _aANALISIS HISTORICO
650 4 _aFILOSOFIA DE LA HISTORIA
650 4 _aHISTORIOGRAFIA
650 4 _aVALORES MORALES
650 4 _aMETODO HISTORICO
650 4 _aHISTORIA Y ESTUDIOS CONEXOS
650 4 _aINVESTIGACION HISTORICA
653 _aHISTORICISMO
700 1 _aTognonato, Claudio
_etraductor
942 _cBK
998 _cmariana
999 _c11286
_d11286